The innovator's situation : Upper-middle-class conservatism in agricultural communities

में बचाया:
ग्रंथसूची विवरण
मुख्य लेखक: Cancian, Frank
स्वरूप: पुस्तक
भाषा:Undetermined
प्रकाशित: Stanford Stanford University Press 1979
विषय:
टैग : टैग जोड़ें
कोई टैग नहीं, इस रिकॉर्ड को टैग करने वाले पहले व्यक्ति बनें!
Thư viện lưu trữ: Trung tâm Học liệu Trường Đại học Cần Thơ
LEADER 00606nam a2200193Ia 4500
001 CTU_79056
008 210402s9999 xx 000 0 und d
082 |a 306.3 
082 |b C215 
100 |a Cancian, Frank 
245 4 |a The innovator's situation : 
245 0 |b Upper-middle-class conservatism in agricultural communities 
245 0 |c Frank Cancian 
260 |a Stanford 
260 |b Stanford University Press 
260 |c 1979 
650 |a Agricultural innovations,Diffusion of innovations,Farmers 
650 |x Economic conditions 
980 |a Trung tâm Học liệu Trường Đại học Cần Thơ